The cosmological background radiation
محفوظ في:
| المؤلفون الرئيسيون: | , |
|---|---|
| التنسيق: | كتاب |
| اللغة: | الإنجليزية |
| منشور في: |
Cambridge
Cambridge University
1999
|
| الموضوعات: | |
| الوسوم: |
إضافة وسم
لا توجد وسوم, كن أول من يضع وسما على هذه التسجيلة!
|
MARC
| LEADER | 00000nam a2200000 a 4500 | ||
|---|---|---|---|
| 001 | UCO8790 | ||
| 003 | CL-VaPUC | ||
| 008 | 010105e19990000uk |||||||||||||||||eng|d | ||
| 082 | 0 | 4 | |a 523.1 |b LAC |2 21 |
| 100 | 0 | |a Lachièze-Rey, Marc |e author |9 453692 | |
| 700 | 0 | |a Gunzig, Edgard |e author |9 453693 | |
| 245 | 1 | 4 | |a The cosmological background radiation |
| 300 | |a 247 p | ||
| 942 | |c BK | ||
| 945 | |d 20010105 00:00:00 |a cmena | ||
| 260 | |a Cambridge |b Cambridge University |c 1999 | ||
| 650 | 0 | |a Cosmología |9 269138 | |
| 650 | 7 | |a RADIACION COSMICA |2 CL-VaPUC |9 360127 | |
| 650 | 0 | |a Astrofísica |9 269137 | |
| 583 | |a last modification |c 20130806 03:57:47 |k Rodrigo Vera | ||
| 999 | |c 293256 |d 293254 | ||
| 952 | |0 0 |1 0 |4 0 |6 523_100000000000000_LAC_1999 |7 0 |8 A |9 344699 |a BIBCUR |b BIBCUR |d 2019-11-20 |i 3680487 |o 523.1 LAC 1999 |p 3680487 |r 2025-04-22 |w 2019-11-20 |y BK |k FIS | ||